Introductory econometrics : (Record no. 783)
[ view plain ]
| 000 -LEADER | |
|---|---|
| fixed length control field | 01692cam a22001694a 4500 |
| 020 ## - INTERNATIONAL STANDARD BOOK NUMBER | |
| ISBN | 0538850132 (alk. paper) |
| 050 00 - CALL NUMBER | |
| Classification number | HB139 |
| Item number | .W665 2000 |
| 100 1# - AUTHOR | |
| Personal name | Wooldridge, Jeffrey M., |
| 245 10 - TITLE | |
| Title | Introductory econometrics : |
| Remainder of title | a modern approach / |
| Statement of responsibility, etc | Jeffrey M. Wooldridge. |
| 260 ## - PUBLICATION INFORMATION | |
| Place of publication | Cincinnati, OH : |
| Name of publisher | South-Western College, |
| Year of publication | c2000. |
| 300 ## - DESCRIPTION | |
| Number of Pages | xxiii, 824 p. : |
| Other physical details | ill. ; |
| Dimensions | 24 cm. |
| 500 ## - NOTES | |
| General note | Includes index. |
| 505 ## - FORMATTED CONTENTS NOTE | |
| Table of Content | Regression analysis with cross-sectional data: Simple regression model; Multiple regression analysis, estimation; Multiple regress analysis, inference; Multiple regression analysis, OLS asymptotics; Multiple regression analysis, further issues; Multiple regression analysis with qualitative information, binary (or dummy) variables; Heteroskedasticity; More on specification and data problems --<br/>Regression analysis with time series data: Basic regression analysis with time series data; Further issues in using OLS with time series data; Serial correlation and heteroskedasticity in time series regressions --<br/>Advanced topics: Pooling cross sections across time, simple panel data methods; Advanced panel data methods; Instrumental variables estimation and two stage least squares; Simultaneous equations models; Limited dependent variable models and sample selection corrections; Advanced time series topics; Carrying out an empirical project --<br/>Appendices: Basic mathematical tools; Fundamentals on probability; Fundamentals of mathematical statistics; Summary of matrix algebra; Linear regression model in matrix form; Answers to chapter questions; Statistical tables --<br/>Glossary. |
| 650 #0 - SUBJECTS | |
| Topical Term | Econometrics. |
| 700 ## - OTHER AUTHORS | |
| Personal name | Jeffrey M. Wooldridge. |
| 942 ## - ADDED ENTRY ELEMENTS (KOHA) | |
| Koha item type | Books |
| Withdrawn status | Lost status | Collection code | Home library | Current library | Shelving location | Date acquired | Full call number | Accession Number | Copy number | Koha item type |
|---|---|---|---|---|---|---|---|---|---|---|
| Reference | Methodist University Library Main | Methodist University Library Main | General Stacks | HB139 .W665 2000 | 11079 | 1 | Books | |||
| Reference | Methodist University Library Main | Methodist University Library Main | General Stacks | HB139 .W665 2000 | 11080 | 2 | Books |